00764nam a2200169 a 450000100100000000500170001000800410002704000250006808200150009324500770010826000840018530000410026970000410031095201130035195201130046499900170057700003676320200930075925.0120131s2002 dr abc 000 0 spa d aDO-SdBNPbspacBNPHU axxxxbI19u00aIdeas urbanas para Santo Domingo 2002 /ceditor Antonio Vélez Catrain. aSanto Domingo :bInmobiliaria BHD :bAyuntamiento del Distrito Nacional,c2002. a160 p. :bils, mapa, retr. ;c32 cm.1 aVélez Catrain, Antonioeed.963094 0010718PDaPDbPDcCTd2012-01-31iLF1l0oxxxx I19up36763-10r2020-06-25w2020-06-25yLFPDZNo se presta 0010718PDaPDbPDcCTd2012-01-31iLF1l0oxxxx I19up36763-20r2020-06-25w2020-06-25yLFPDZNo se presta c36254d36254